[Event "FIDE World Uni Blitz-B 1st"]
[Site "Tornelo INT"]
[Date "2021.03.13"]
[Round "5.48"]
[White "Escamilla Romero, Quetzija"]
[Black "Valente, Joao Nuno Baptista"]
[Result "0-1"]
[WhiteElo "1377"]
[BlackElo "1878"]
[PlyCount "96"]
[EventDate "2021.03.13"]
[EventType "swiss (blitz)"]
[EventRounds "10"]
[EventCountry "NET"]
[SourceTitle "EXT 2022"]
[Source "ChessBase"]
[SourceDate "2021.10.06"]
[SourceVersion "1"]
[SourceVersionDate "2021.10.06"]
[SourceQuality "1"]

1. e4 c5 2. c3 d5 3. exd5 Qxd5 4. Nf3 Nc6 5. d4 Bg4 6. Be2 e6 7. Be3 cxd4 8. Bxd4 Nxd4 9. Qxd4 Qxd4 10. Nxd4 Bxe2 11. Kxe2 Nf6 12. Nd2 Bc5 13. N2f3 Ke7 14. Rad1 a6 15. Nb3 Bb6 16. Nbd2 Rac8 17. Rhe1 Rhd8 18. Kf1 h6 19. Nb3 Rxd1 20. Rxd1 Ne4 21. Nbd4 Rd8 22. Nd2 Nd6 23. f3 e5 24. N4b3 Ke6 25. Ke2 f5 26. Nc1 Rc8 27. Nd3 g5 28. h3 Rf8 29. Nb3 Rc8 30. Nd2 Nf7 31. Nb3 Ba7 32. Nb4 Nd6 33. Nd5 Nc4 34. Ne3 Nxb2 35. Rd2 Bxe3 36. Rxb2 Ba7 37. Rc2 b5 38. Nd2 Bb6 39. Kd3 Kd5 40. Ke2 e4 41. fxe4+ fxe4 42. Nb3 Rf8 43. Rd2+ Kc4 44. Rc2 Rf2+ 45. Kd1 Rxc2 46. Kxc2 e3 47. Kd1 Kxc3 48. Ke2 Kb2 0-1

[Event "FIDE World Uni Blitz-B 1st"]
[Site "Tornelo INT"]
[Date "2021.03.13"]
[Round "9.32"]
[White "Valente, Joao Nuno Baptista"]
[Black "Kirilin, Dmitrij"]
[Result "0-1"]
[WhiteElo "1878"]
[BlackElo "2093"]
[PlyCount "70"]
[EventDate "2021.03.13"]
[EventType "swiss (blitz)"]
[EventRounds "10"]
[EventCountry "NET"]
[SourceTitle "EXT 2022"]
[Source "ChessBase"]
[SourceDate "2021.10.06"]
[SourceVersion "1"]
[SourceVersionDate "2021.10.06"]
[SourceQuality "1"]

1. e4 c5 2. Nf3 d6 3. Bb5+ Bd7 4. Bxd7+ Qxd7 5. c4 g6 6. 0-0 Bg7 7. d4 cxd4 8. Nxd4 Nf6 9. Nc3 0-0 10. Be3 Rc8 11. b3 Ng4 12. Bc1 Nc6 13. Nde2 a6 14. f3 Nf6 15. Be3 Qe8 16. Rc1 Nd7 17. Qd2 Rab8 18. Nd4 Nxd4 19. Bxd4 Bxd4+ 20. Qxd4 b5 21. cxb5 axb5 22. Nd5 e6 23. Nc7 Qe7 24. Qa7 Nc5 25. Nxb5 Qxa7 26. Nxa7 Rc7 27. Rfd1 Rxa7 28. Rxd6 Nd7 29. Rc2 Nf6 30. Kf2 Kf8 31. Ke3 Ke7 32. Rdc6 Rba8 33. a4 Rb8 34. R2c3 Nd7 35. Kd4 Rab7 0-1

[Event "POR-ch U20"]
[Site "Luso"]
[Date "2016.07.21"]
[Round "3"]
[White "Romano, Joao Manuel Pereira"]
[Black "Valente, Joao Nuno Baptista"]
[Result "1/2-1/2"]
[WhiteElo "1815"]
[BlackElo "1813"]
[PlyCount "49"]
[EventDate "2016.07.20"]
[EventType "swiss"]
[EventRounds "7"]
[EventCountry "POR"]
[SourceTitle "EXT 2018"]
[Source "ChessBase"]
[SourceDate "2017.10.13"]
[SourceVersion "1"]
[SourceVersionDate "2017.10.13"]
[SourceQuality "1"]

1. e4 c5 2. Nf3 g6 3. d4 Bg7 4. Nc3 cxd4 5. Nxd4 Nc6 6. Nb3 Bxc3+ 7. bxc3 Nf6 8. Bd3 d5 9. exd5 Qxd5 10. 0-0 0-0 11. Bb2 Ne5 12. Qe2 Nxd3 13. cxd3 e6 14. c4 Qh5 15. f3 Nd7 16. Rfe1 b5 17. Kh1 Ba6 18. Qe4 Rfd8 19. Qc6 bxc4 20. dxc4 Nb6 21. c5 Rac8 22. Qe4 Bd3 23. Qf4 Nc4 24. Bc3 Qf5 25. Qxf5 1/2-1/2

[Event "POR-ch U18"]
[Site "Luso"]
[Date "2015.07.22"]
[Round "1"]
[White "Tavares, Mariana Vidal"]
[Black "Valente, Joao Nuno Baptista"]
[Result "0-1"]
[WhiteElo "1002"]
[BlackElo "1732"]
[PlyCount "88"]
[EventDate "2015.07.22"]
[EventType "swiss"]
[EventRounds "7"]
[EventCountry "POR"]
[SourceTitle "EXT 2018"]
[Source "ChessBase"]
[SourceDate "2017.10.13"]
[SourceVersion "1"]
[SourceVersionDate "2017.10.13"]
[SourceQuality "1"]

1. e4 e5 2. Nf3 Nc6 3. Bc4 Bc5 4. 0-0 Nf6 5. Nc3 d6 6. h3 h6 7. d3 Be6 8. Bb3 Bxb3 9. axb3 0-0 10. Be3 Bb4 11. d4 Bxc3 12. bxc3 Nxe4 13. Qd3 Nf6 14. Nh4 e4 15. Qd2 Nd5 16. Nf5 Qf6 17. Ng3 Rfe8 18. c4 Nxe3 19. fxe3 Qg6 20. Nf5 a6 21. c3 Ne7 22. Nxe7+ Rxe7 23. d5 Re5 24. Rf2 Rf5 25. Raf1 Rxf2 26. Qxf2 Re8 27. b4 Re5 28. Qe2 Rf5 29. Rf2 Rxf2 30. Qxf2 Qf6 31. Qxf6 gxf6 32. Kf2 b6 33. Ke2 Kg7 34. Kd2 Kg6 35. Kc2 Kg5 36. Kb3 f5 37. g3 h5 38. b5 axb5 39. cxb5 h4 40. gxh4+ Kxh4 41. Kc4 Kxh3 42. Kd4 Kg3 43. c4 Kf3 44. c5 bxc5+ 0-1

[Event "St Joao da Madeira op 10th"]
[Site "Sao Joao da Madeira"]
[Date "2013.10.06"]
[Round "4.9"]
[White "Cruz, Jorge Filipe Egas"]
[Black "Valente, Joao Nuno Baptista"]
[Result "1-0"]
[WhiteElo "2038"]
[BlackElo "1707"]
[PlyCount "31"]
[EventDate "2013.10.05"]
[EventType "swiss"]
[EventRounds "7"]
[EventCountry "POR"]
[SourceTitle "EXT 2015"]
[Source "ChessBase"]
[SourceDate "2014.11.20"]
[SourceVersion "1"]
[SourceVersionDate "2014.11.20"]
[SourceQuality "1"]

1. e4 c5 2. Nf3 Nc6 3. Bb5 d6 4. Bxc6+ bxc6 5. 0-0 Bg4 6. h3 Bh5 7. Re1 e6 8. c3 d5 9. Qa4 Ne7 10. g4 Bg6 11. d3 f6 12. Nbd2 Kf7 13. e5 Bxd3 14. exf6 gxf6 15. Qf4 Bc2 16. Ng5+ 1-0

[Event "St Joao da Madeira op 10th"]
[Site "Sao Joao da Madeira"]
[Date "2013.10.06"]
[Round "3.7"]
[White "Valente, Joao Nuno Baptista"]
[Black "Guimaraes, Rui"]
[Result "0-1"]
[WhiteElo "1707"]
[BlackElo "2132"]
[PlyCount "41"]
[EventDate "2013.10.05"]
[EventType "swiss"]
[EventRounds "7"]
[EventCountry "POR"]
[SourceTitle "EXT 2015"]
[Source "ChessBase"]
[SourceDate "2014.11.20"]
[SourceVersion "1"]
[SourceVersionDate "2014.11.20"]
[SourceQuality "1"]

1. e4 c5 2. Nf3 d6 3. Bb5+ Bd7 4. Bxd7+ Nxd7 5. 0-0 g6 6. c3 Bg7 7. d4 e6 8. dxc5 dxc5 9. Bg5 Qc7 10. Na3 Ngf6 11. Nb5 Qc6 12. Nd6+ Kf8 13. h3 h6 14. Bf4 Nxe4 15. Nxe4 Qxe4 16. Qd6+ Kg8 17. Rad1 Nb6 18. Rfe1 Qf5 19. Re5 Qxf4 20. Ree1 Qf5 21. Re5 0-1

[Event "POR-chT"]
[Site "Porto"]
[Date "2013.08.22"]
[Round "6.1"]
[White "Silva, Miguel Alexandre Go"]
[Black "Valente, Joao Nuno Baptista"]
[Result "1-0"]
[WhiteElo "2111"]
[BlackElo "1663"]
[PlyCount "33"]
[EventDate "2013.08.18"]
[EventType "team-tourn"]
[EventRounds "9"]
[EventCountry "POR"]
[SourceTitle "CBM 156 Extra"]
[Source "ChessBase"]
[SourceDate "2013.10.22"]
[SourceVersion "1"]
[SourceVersionDate "2013.10.22"]
[SourceQuality "1"]
[WhiteTeam "Diana"]
[BlackTeam "Galitos"]
[WhiteTeamCountry "POR"]
[BlackTeamCountry "POR"]

1. Nf3 g6 2. g3 Bg7 3. Bg2 f5 4. d4 Nf6 5. 0-0 0-0 6. c4 d6 7. Nc3 Nc6 8. Rb1 Ne4 9. Nxe4 fxe4 10. Ng5 Nxd4 11. e3 Nc6 12. Qd5+ Kh8 13. Nf7+ Rxf7 14. Qxf7 Bf5 15. Qd5 Qd7 16. Bxe4 Be6 17. Qb5 1-0

[Event "POR-chT"]
[Site "Porto"]
[Date "2013.08.19"]
[Round "3.1"]
[White "Valente, Joao Nuno Baptista"]
[Black "Silva, Flavio Artur Cardos"]
[Result "1/2-1/2"]
[WhiteElo "1663"]
[BlackElo "1930"]
[PlyCount "113"]
[EventDate "2013.08.18"]
[EventType "team-tourn"]
[EventRounds "9"]
[EventCountry "POR"]
[SourceTitle "CBM 156 Extra"]
[Source "ChessBase"]
[SourceDate "2013.10.22"]
[SourceVersion "1"]
[SourceVersionDate "2013.10.22"]
[SourceQuality "1"]
[WhiteTeam "Galitos"]
[BlackTeam "Ferroviarios do Barreiro"]
[WhiteTeamCountry "POR"]
[BlackTeamCountry "POR"]

1. e4 c5 2. Nf3 Nc6 3. d4 cxd4 4. Nxd4 Qb6 5. Nb3 Nf6 6. Nc3 e6 7. Be3 Qd8 8. a3 Be7 9. Be2 0-0 10. 0-0 b6 11. f4 Bb7 12. Qe1 Qc8 13. Rd1 Rd8 14. Qg3 d5 15. exd5 Nxd5 16. Nxd5 Rxd5 17. Rxd5 exd5 18. Rd1 Bf6 19. c3 Ne7 20. Nd4 Nf5 21. Nxf5 Qxf5 22. Qg4 Qe6 23. Kf2 Re8 24. Qxe6 fxe6 25. Bd4 Kf7 26. Ke3 Ke7 27. Be5 Rf8 28. Rf1 Bc6 29. Kd4 Ba4 30. Bd3 h6 31. g3 Rc8 32. h4 Bb3 33. Rg1 Bc4 34. Bc2 Be2 35. Re1 Rc4+ 36. Ke3 Bg4 37. Bd3 Rc8 38. Kd4 Rf8 39. Rf1 Bxe5+ 40. fxe5 Rxf1 41. Bxf1 Kd7 42. Bd3 Kc6 43. Ke3 g5 44. Kd4 Bh3 45. Bg6 Kd7 46. Bd3 Bg4 47. a4 Kc7 48. a5 Bh3 49. Bb5 Bg4 50. Ba4 Bh3 51. Bb5 Bg4 52. Bd3 Bh3 53. Be2 Bf5 54. Bf3 Kd7 55. c4 dxc4 56. Kxc4 Kc7 57. Kd4 1/2-1/2

[Event "POR-chT"]
[Site "Porto"]
[Date "2013.08.18"]
[Round "2.1"]
[White "Martinez Duany, Lelys Stanley"]
[Black "Valente, Joao Nuno Baptista"]
[Result "1/2-1/2"]
[WhiteElo "2457"]
[BlackElo "1663"]
[PlyCount "129"]
[EventDate "2013.08.18"]
[EventType "team-tourn"]
[EventRounds "9"]
[EventCountry "POR"]
[SourceTitle "CBM 156 Extra"]
[Source "ChessBase"]
[SourceDate "2013.10.22"]
[SourceVersion "1"]
[SourceVersionDate "2013.10.22"]
[SourceQuality "1"]
[WhiteTeam "Dias Ferreira"]
[BlackTeam "Galitos"]
[WhiteTeamCountry "POR"]
[BlackTeamCountry "POR"]

1. d4 g6 2. e4 c5 3. c3 cxd4 4. cxd4 d5 5. exd5 Nf6 6. Nc3 Nxd5 7. Nf3 Bg7 8. Qb3 Nb6 9. Bb5+ Bd7 10. Ne5 0-0 11. Nxd7 N8xd7 12. 0-0 Bxd4 13. Bh6 Bg7 14. Bxg7 Kxg7 15. Rfd1 Qc7 16. Bxd7 Nxd7 17. Nb5 Qd8 18. Rd2 a6 19. Nc3 Qa5 20. Nd5 Qc5 21. Rad1 e6 22. Nc3 Ne5 23. Qxb7 Nc4 24. Rd7 Ne5 25. Qc7 Qxc7 26. Rxc7 Rfc8 27. Rxc8 Rxc8 28. Kf1 Nc4 29. Na4 Kf6 30. Ke2 Ne5 31. Nc3 Nc4 32. b3 Nb6 33. Rd3 Ke5 34. Kd2 f5 35. f4+ Kxf4 36. Rd6 Nd5 37. Nxd5+ exd5 38. Rxa6 d4 39. Ra4 Ke4 40. Rc4 Ra8 41. a4 h5 42. Rc1 Rb8 43. Rb1 d3 44. b4 Rc8 45. Rb2 Kd4 46. b5 Kc4 47. Rb1 Re8 48. Re1 Ra8 49. b6 Rxa4 50. Rb1 Ra2+ 51. Ke3 Re2+ 52. Kf3 Re8 53. Rc1+ Kb3 54. Rc6 Rd8 55. b7 d2 56. Rd6 Rb8 57. Rxd2 Rxb7 58. Rd6 g5 59. Rg6 g4+ 60. Kf4 Kc4 61. Rc6+ Kd5 62. Rc2 Ke6 63. g3 Kf6 64. Rc6+ Kg7 65. Rc2 1/2-1/2

[Event "POR-chT"]
[Site "Porto"]
[Date "2013.08.18"]
[Round "1.1"]
[White "Valente, Joao Nuno Baptista"]
[Black "Frois, Antonio"]
[Result "1/2-1/2"]
[WhiteElo "1663"]
[BlackElo "2340"]
[PlyCount "66"]
[EventDate "2013.08.18"]
[EventType "team-tourn"]
[EventRounds "9"]
[EventCountry "POR"]
[SourceTitle "CBM 156 Extra"]
[Source "ChessBase"]
[SourceDate "2013.10.22"]
[SourceVersion "1"]
[SourceVersionDate "2013.10.22"]
[SourceQuality "1"]
[WhiteTeam "Galitos"]
[BlackTeam "Gaia"]
[WhiteTeamCountry "POR"]
[BlackTeamCountry "POR"]

1. e4 c5 2. Nf3 Nc6 3. c3 d5 4. exd5 Qxd5 5. d4 Bg4 6. dxc5 Qxc5 7. Be3 Qa5 8. h3 Rd8 9. Nbd2 Bxf3 10. Qxf3 Nf6 11. Nb3 Qd5 12. Be2 e6 13. Rd1 Qxf3 14. Rxd8+ Kxd8 15. Bxf3 a6 16. Nd4 Kc7 17. Bf4+ Bd6 18. Bxd6+ Kxd6 19. Nxc6 bxc6 20. Kd2 Kc7 21. c4 e5 22. Re1 Re8 23. Kc3 Nd7 24. Bg4 Nf6 25. Bf3 g6 26. b4 Nd7 27. b5 cxb5 28. cxb5 axb5 29. Kb4 Rb8 30. Rc1+ Kd8 31. Bc6 Nf6 32. Bxb5 Nd5+ 33. Kc5 Nf4 1/2-1/2

[Event "POR-ch U16"]
[Site "Braga"]
[Date "2013.08.07"]
[Round "7.4"]
[White "Valente, Joao Nuno Baptista"]
[Black "Correia, Jorge Paulo Cardoso"]
[Result "1/2-1/2"]
[WhiteElo "1663"]
[BlackElo "1735"]
[PlyCount "117"]
[EventDate "2013.08.02"]
[EventType "swiss"]
[EventRounds "7"]
[EventCountry "POR"]
[SourceTitle "EXT 2015"]
[Source "ChessBase"]
[SourceDate "2014.11.20"]
[SourceVersion "1"]
[SourceVersionDate "2014.11.20"]
[SourceQuality "1"]

1. e4 e5 2. Nf3 Nc6 3. Bb5 a6 4. Bxc6 dxc6 5. d4 exd4 6. Qxd4 Qxd4 7. Nxd4 Nf6 8. f3 Bc5 9. Be3 Bd7 10. Nd2 0-0-0 11. c3 Rhe8 12. Kf2 h6 13. Nc2 Bxe3+ 14. Nxe3 Be6 15. Rhd1 Nd7 16. Nb3 Bxb3 17. axb3 Nc5 18. b4 Nd3+ 19. Ke2 Nxb2 20. Rd4 b5 21. Rxa6 Kb7 22. Ra2 Na4 23. Kd3 c5 24. Rd5 c4+ 25. Kd2 c6 26. Rd4 Rxd4+ 27. cxd4 Rd8 28. Nc2 c5 29. bxc5 Nxc5 30. Kc3 Nd3 31. Ra1 Ra8 32. Rxa8 Kxa8 33. d5 Kb7 34. Nd4 Kb6 35. d6 Nc5 36. e5 Ne6 37. Nc2 Kc5 38. g3 g5 39. Nb4 Kb6 40. h4 Kc5 41. Na6+ Kb6 42. Nb8 Kb7 43. Nd7 Kc6 44. Nf6 Kc5 45. Ne4+ Kd5 46. hxg5 hxg5 47. Kb4 Kxe5 48. Kxb5 g4 49. Kxc4 gxf3 50. Kd3 f5 51. Nd2 f2 52. Ke2 Kxd6 53. Kxf2 Ke5 54. Nf3+ Ke4 55. Nh4 Ng5 56. Nxf5 Kxf5 57. g4+ Kf4 58. Ke2 Ne4 59. Kd3 1/2-1/2

[Event "Gaia Profigaia op 6th"]
[Site "Vila Nova de Gaia"]
[Date "2013.07.12"]
[Round "9.19"]
[White "Sousa, Hugo Carneiro"]
[Black "Valente, Joao Nuno Baptista"]
[Result "0-1"]
[WhiteElo "1548"]
[BlackElo "1654"]
[PlyCount "50"]
[EventDate "2013.07.06"]
[EventType "swiss"]
[EventRounds "9"]
[EventCountry "POR"]
[SourceTitle "EXT 2015"]
[Source "ChessBase"]
[SourceDate "2014.11.20"]
[SourceVersion "1"]
[SourceVersionDate "2014.11.20"]
[SourceQuality "1"]

1. e4 e6 2. d4 d5 3. exd5 exd5 4. Bd3 Bd6 5. Nc3 c6 6. Nge2 Qc7 7. Be3 Ne7 8. Qd2 Bf5 9. Bf4 0-0 10. 0-0-0 Nd7 11. Bxd6 Qxd6 12. Ng3 Bxd3 13. Qxd3 Nb6 14. f3 Nc4 15. a3 b5 16. Na2 a5 17. c3 Rab8 18. Rhe1 Nxa3 19. bxa3 Qxa3+ 20. Kb1 b4 21. Rd2 bxc3+ 22. Ka1 Rb2 23. Qb1 Rfb8 24. Rxb2 cxb2+ 25. Qxb2 Qxb2# 0-1

[Event "Gaia Profigaia op 6th"]
[Site "Vila Nova de Gaia"]
[Date "2013.07.08"]
[Round "5.16"]
[White "Cross, Dominic"]
[Black "Valente, Joao Nuno Baptista"]
[Result "1-0"]
[WhiteElo "1946"]
[BlackElo "1654"]
[PlyCount "92"]
[EventDate "2013.07.06"]
[EventType "swiss"]
[EventRounds "9"]
[EventCountry "POR"]
[SourceTitle "EXT 2015"]
[Source "ChessBase"]
[SourceDate "2014.11.20"]
[SourceVersion "1"]
[SourceVersionDate "2014.11.20"]
[SourceQuality "1"]

1. d4 Nf6 2. c4 c5 3. d5 b5 4. cxb5 a6 5. bxa6 Bxa6 6. b3 g6 7. Bb2 d6 8. e4 Bxf1 9. Kxf1 Bg7 10. Nd2 0-0 11. Qc2 Na6 12. a3 Qb6 13. Nc4 Qb5 14. Nf3 Rab8 15. Nfd2 Bh6 16. a4 Nb4 17. axb5 Nxc2 18. Bxf6 Bxd2 19. Nxd2 Nxa1 20. Bxa1 Rxb5 21. Ke2 e5 22. Bc3 Ra8 23. Kd3 Kf8 24. Rf1 Ke7 25. f4 f6 26. f5 g5 27. Kc2 Rb7 28. Rh1 h5 29. h4 Rg8 30. Nf3 gxh4 31. Nxh4 Rg4 32. Ng6+ Kf7 33. Rxh5 Rxg2+ 34. Bd2 Kg7 35. Rh3 Ra7 36. Kc3 Ra2 37. Bh6+ Kg8 38. Kc4 Ra5 39. Bf8 Rg4 40. Rh8+ Kf7 41. Rh7+ Ke8 42. Bxd6 Rxe4+ 43. Kc3 Re3+ 44. Kd2 Rxb3 45. Re7+ Kd8 46. Bc7+ Kc8 1-0

[Event "Gaia Profigaia op 6th"]
[Site "Vila Nova de Gaia"]
[Date "2013.07.07"]
[Round "3.23"]
[White "Nogueira, Diana Sofia Cunha"]
[Black "Valente, Joao Nuno Baptista"]
[Result "0-1"]
[WhiteElo "1455"]
[BlackElo "1654"]
[PlyCount "60"]
[EventDate "2013.07.06"]
[EventType "swiss"]
[EventRounds "9"]
[EventCountry "POR"]
[SourceTitle "EXT 2015"]
[Source "ChessBase"]
[SourceDate "2014.11.20"]
[SourceVersion "1"]
[SourceVersionDate "2014.11.20"]
[SourceQuality "1"]

1. e4 c5 2. Nc3 Nc6 3. g3 g6 4. Bg2 Bg7 5. f4 d6 6. Nf3 e6 7. d3 Nge7 8. Bd2 Rb8 9. 0-0 b5 10. Rb1 0-0 11. g4 Ba6 12. h4 Nd4 13. h5 Nec6 14. Kh2 c4 15. dxc4 b4 16. Ne2 Bxc4 17. Be3 Bxe2 18. Qd2 Nxf3+ 19. Bxf3 Bxf1 20. Rxf1 Bxb2 21. e5 Nxe5 22. fxe5 Bxe5+ 23. Kh3 Rc8 24. Rf2 Rc4 25. Be2 Bc3 26. Qd1 Re4 27. Rf3 gxh5 28. Rf4 Rxe3+ 29. Kg2 Qh4 30. Bf3 Re5 0-1

[Event "POR-chT"]
[Site "Torres Vedras"]
[Date "2011.07.27"]
[Round "5.7"]
[White "Valente, Joao Nuno Baptista"]
[Black "Andrade, Bruno Miguel Rodrig"]
[Result "1/2-1/2"]
[WhiteElo "1581"]
[BlackElo "2104"]
[PlyCount "75"]
[EventDate "2011.07.23"]
[EventType "team-swiss"]
[EventRounds "9"]
[EventCountry "POR"]
[SourceTitle "CBM 143 Extra"]
[Source "ChessBase"]
[SourceDate "2011.08.29"]
[SourceVersion "1"]
[SourceVersionDate "2011.08.29"]
[SourceQuality "1"]
[WhiteTeam "Galitos"]
[BlackTeam "TAP"]
[WhiteTeamCountry "POR"]
[BlackTeamCountry "POR"]

1. e4 c5 2. Nc3 d6 3. g3 Nc6 4. Bg2 g6 5. d3 Bg7 6. f4 e6 7. Nf3 Nge7 8. 0-0 Nd4 9. Be3 0-0 10. e5 Nef5 11. Bf2 Nxf3+ 12. Qxf3 Nd4 13. Qd1 dxe5 14. fxe5 Bxe5 15. Ne4 Qc7 16. c3 Nf5 17. Bxc5 Rd8 18. d4 Bg7 19. Qe1 h5 20. h3 e5 21. g4 hxg4 22. hxg4 Nh6 23. Qh4 Nxg4 24. Ng5 Nh6 25. Rxf7 Qxf7 26. Nxf7 Nxf7 27. Be7 Re8 28. Bd5 Bf5 29. Bxb7 Rab8 30. Bc6 Rec8 31. Ba4 exd4 32. cxd4 Rc4 33. Bb3 Rxd4 34. Qh2 Rg4+ 35. Kf1 Rb5 36. Rd1 Be5 37. Qe2 Rf4+ 38. Kg1 1/2-1/2